000 00454nam a2200169Ia 4500
008 180921t xxu||||| |||| 00| 0 eng d
041 _aeng
080 _a614
_bBAS
100 _aBasnayake, Sriani
245 _aSri lankan youth :A study on reproductive health awareness
260 _bFamily planning association
300 _a59p., ill., 28 cm
650 _aFamily planning
942 _cBK
999 _c16457
_d16457
003 LK-CoDNM
040 _aLK-CoDNM
_dLK-CoDNM
_eLK-CoDNM